Bài tập cơ học máy

Zapisane w:
Opis bibliograficzny
1. autor: Lại, Khắc Liễm
Format: Książka
Język:Undetermined
Wydane: Thành phố Hồ Chí Minh Đại học Quốc gia Thành phố Hồ Chí Minh 2005
Hasła przedmiotowe:
Etykiety: Dodaj etykietę
Nie ma etykietki, Dołącz pierwszą etykiete!
Thư viện lưu trữ: Trung tâm Học liệu Trường Đại học Cần Thơ
LEADER 00664nam a2200217Ia 4500
001 CTU_100899
008 210402s9999 xx 000 0 und d
020 |c 20500 
082 |a 620.1 
082 |b L304 
100 |a Lại, Khắc Liễm 
245 0 |a Bài tập cơ học máy 
245 0 |c Lại Khắc Liễm 
260 |a Thành phố Hồ Chí Minh 
260 |b Đại học Quốc gia Thành phố Hồ Chí Minh 
260 |c 2005 
526 |a Cơ học máy 
526 |b CN142 
650 |a Mechanical engineering,Mechanics, applied 
904 |i Tuyến 
980 |a Trung tâm Học liệu Trường Đại học Cần Thơ